| 000 | 00974nam0a22002651 4500 | ||
|---|---|---|---|
| 001 | rc\3020097 | ||
| 005 | 20250806201347.0 | ||
| 035 | _a(NLR Aleph) 007162231 | ||
| 090 |
_a23190 _c23190 |
||
| 100 | _a20110927d1942 u y0rusy50 ca | ||
| 101 | 0 | _arus | |
| 102 | _aRU | ||
| 105 | _aa z ||||| | ||
| 200 | 1 |
_aЦентробежное литье _e[Аннот. список лит.] _fКанд. техн. наук инж. П.Е. Лямин |
|
| 210 |
_aМосква _cБ. и. _d1942 |
||
| 215 |
_a29 с., 1 л. черт. _cчерт. _d21 см |
||
| 225 | 1 |
_aСтахановская библиотека _fГосплан СССР. Ин-т техн.-экон. информации _v№ 1 |
|
| 700 | 1 |
_aЛямин _bП.Е. _gПорфирий Ефимович |
|
| 801 | 0 |
_aRU _bNLR _gpsbo |
|
| 801 | 1 |
_aRU _bELAR _2rusmarc |
|
| 852 |
_aNLR _jТ36 Г-4/1285 |
||
| 942 | _cBOOK | ||
| 945 | _aРоссийская национальная библиотека | ||
| 980 | _aNB | ||
| 980 | _aBV | ||